JR北海道営業係数ランキング - Statistics

General Stats
  • This quiz has been taken 113 times
  • The average score is 16 of 20
Answer Stats
路線 営業係数 % Correct
1 根室線(富良野~新得) 2786
98%
2 根室線(滝川~富良野) 1371
91%
4 日高線(苫小牧~鵡川) 1049
88%
5 宗谷線(名寄~稚内) 980
88%
3 室蘭線(沼ノ端~岩見沢) 1166
84%
6 留萌線(深川~留萌) 937
84%
7 根室線(釧路~根室) 818
84%
11 釧網線(東釧路~網走) 692
84%
8 函館線(長万部~小樽) 817
83%
10 石北線(新旭川~上川) 723
83%
20 石勝・根室線(南千歳~帯広) 198
83%
9 宗谷線(旭川~名寄) 765
82%
13 根室線(帯広~釧路) 565
82%
12 石北線(上川~網走) 668
81%
14 富良野線(富良野~旭川) 483
81%
15 函館線(函館~長万部) 291
80%
19 函館線(岩見沢~旭川) 200
76%
17 室蘭線(長万部~東室蘭) 212
75%
18 室蘭線(室蘭~苫小牧) 209
74%
16 新幹線(新青森~新函館北斗) 287
63%
No matching quizzes found
Score Distribution
Percent of People with Each Score
Percentile by Number Answered
Your Score History
You have not taken this quiz